LDR 01105nam a2200265 4500 001 000000367399 003 CaOOAMICUS 005 20260423114249.0 008 260422s2015 it a 000 u ita r 020 $a978-88-904741-3-2 040 $aSeMil$bita 100 1 $aThoux, Giovanni,$d<1935- >.$0(OLS)http://semarc/name/122181 245 10$aStrane creature /$cGiovanni Thoux, Teresa Charles. 264 1$aRubano :$bLa Selva,$c2015. 300 $a134 p. :$bin gran parte ill. ;$c24 cm 650 4$aValle d'Aosta - Artigianato.$0(OLS)http://semarc/subject/60066 650 4$aScultura in legno - Italia.$0(OLS)http://semarc/subject/60067 700 1 $aCharles, Teresa.$0(OLS)http://semarc/name/124209 850 $aSeMil 852 $aSeMil$W1$xVenegono$y1$m3P III 614$j270776$B258098$CSeMilBibl$Z2$F258098 $81 961 $aCaspani Maurizio - Lascito 996 $6020$a978-88-904741-3-2$9(OLS)http://semarc/number/305718 996 $6245$aStrane creature$9(OLS)http://semarc/title/459319 996 $6264$aRubano :$bLa Selva$9(OLS)http://semarc/publisher/63019